| 000 | 01012nam a22002297a 4500 | ||
|---|---|---|---|
| 005 | 20100312095056.0 | ||
| 008 | 100312t xxu||||| |||| 00| 0 hin d | ||
| 010 | _aHIN-90512 | ||
| 020 | _c200.00 | ||
| 035 | _aHN-62858 | ||
| 037 | _bDBAD / PUB | ||
| 040 |
_aDPL _bHN |
||
| 082 | _aउ | ||
| 100 |
_aवसीयुलहक _916590 |
||
| 245 |
_aकशमकश / _cवसीयुलहक |
||
| 260 |
_aदिल्ली _bकिताबी दुनिया _c2010 |
||
| 270 |
_a1955, स्ट्रीट नवाब मिर्जा , अपोजिट एगलो ऐरेबिक स्कूल, तुर्कमान गेट _bदिल्ली _e110006 _k9313972589 _mkitabiduniya@rediffmail.com |
||
| 300 |
_a240पृ _c22सेमी (सजिल्द) |
||
| 700 | _924583 | ||
| 942 |
_2ddc _cHN _mवसीयु _hउ |
||
| 999 |
_c48973 _d48973 |
||